| Tag |
First Indicator |
Second Indicator |
Subfields |
| LEADER |
00000pam a2200000 i 4500 |
| 001 |
in00000043172 |
| 005 |
20151007070904.0 |
| 008 |
790604s1979 ne a b 10100 eng |
| 010 |
|
|
|a 79009132
|
| 020 |
|
|
|a 0444853375
|
| 035 |
|
|
|a (OCoLC)05101943
|
| 035 |
|
|
|9 AAE4913AM
|
| 040 |
|
|
|a DLC
|c DLC
|d TXA
|d UtOrBLW
|
| 049 |
|
|
|a TXAM
|c [1405724]
|
| 050 |
0 |
0 |
|a VM156
|b .C56
|
| 082 |
0 |
|
|a 623.82/0028/54
|
| 090 |
|
|
|a VM156
|b .C56 1979a
|
| 245 |
0 |
0 |
|a Computer applications in the automation of shipyard operation and ship design III :
|b IFIP/IFAC third international conference, University of Strathclyde, Glasgow, Scotland, June 18-21, 1979 /
|c edited by C. Kuo, K. J. MacCallum, T. J. Williams.
|
| 264 |
|
2 |
|a Amsterdam ;
|a New York :
|b North-Holland Pub. Co. : sole distributors for the U.S.A. and Canada, Elsevier North-Holland,
|c 1979.
|
| 300 |
|
|
|a xiv, 415 pages :
|b illustrations ;
|c 31 cm.
|
| 336 |
|
|
|a text
|b txt
|2 rdacontent
|
| 337 |
|
|
|a unmediated
|b n
|2 rdamedia
|
| 338 |
|
|
|a volume
|b nc
|2 rdacarrier
|
| 490 |
1 |
|
|a Computer applications in shipping and shipbuilding ;
|v 6
|
| 504 |
|
|
|a Includes bibliographcal references and index.
|
| 650 |
|
0 |
|a Naval architecture
|x Data processing
|x Congresses.
|
| 650 |
|
0 |
|a Shipbuilding
|x Data processing
|x Congresses.
|
| 650 |
|
0 |
|a Shipyards
|x Automation
|x Congresses.
|
| 700 |
1 |
|
|a Kuo, Chengi.
|
| 700 |
1 |
|
|a MacCallum, K. J.
|q (Kenneth J.),
|d 1943-
|
| 700 |
1 |
|
|a Williams, Theodore J.
|q (Theodore Joseph),
|d 1923-2013.
|
| 710 |
2 |
|
|a International Federation for Information Processing.
|
| 710 |
2 |
|
|a International Federation of Automatic Control.
|
| 830 |
|
0 |
|a Computer applications in shipping and shipbuilding ;
|v v. 6.
|
| 999 |
|
|
|a MARS
|
| 999 |
f |
f |
|s afb4ea74-5827-3c37-9c82-4f6e77c0105e
|i 82fccd8a-220a-32c3-a65a-c63c9ede601f
|t 0
|
| 952 |
f |
f |
|p ric
|a Texas A&M University
|b Rellis Campus
|c Joint Library Facility
|d Remote Storage
|t 0
|e VM156 .C56 1979a
|h Library of Congress classification
|i unmediated -- volume
|m A14805714334
|
| 998 |
f |
f |
|a VM156 .C56 1979a
|t 0
|l Remote Storage
|